Úrokové opcie a ich využitie v bankovom sektore SR diplomová práca

Na minha lista:
Detalhes bibliográficos
Autor principal: Janáčová, Silvia
Autor Corporativo: Národohospodárska fakulta EU. Katedra bankovníctva a medzinárodných financií
Outros Autores: Malacká, Viera
Formato: Livro
Idioma:eslovaco
Publicado em: Bratislava 2018
Tags: Adicionar Tag
Sem tags, seja o primeiro a adicionar uma tag!

MARC

LEADER 00000nbm a2200000 4500
001 0244301
005 20181126093317.2
041 0 |a slo 
044 |a SK 
245 1 0 |a Úrokové opcie a ich využitie v bankovom sektore SR  |b diplomová práca  |c Silvia Janáčová ; školiteľ: Viera Malacká 
264 1 |a Bratislava  |c 2018 
300 |a 63 s. 
100 1 |a Janáčová, Silvia 
700 1 |a Malacká, Viera 
710 2 |a Národohospodárska fakulta EU. Katedra bankovníctva a medzinárodných financií